Valentínka a Filipko prekročili magickú stovku demografia na Spiši v malom

Bibliographic Details
Main Author: Šimoňáková, Mária, 1978- (Author)
Format: Article
Language:Slovak
PhysicalDescription:Fotogr.
ISSN:1335-7590
Subjects:

MARC

LEADER 00000nab a2200000 ar4500
001 vtls009452902
003 SK-MaSNL
005 20260305040841.0
008 081208c20080329xo mr|p|||||||000 b|slo
038 |a SNSK 
040 |b slo  |c SNSK  |e AACR2 
041 |a slo 
044 |a xo  |c SK 
080 |a 314.04  |x (437.678)  |2 2001 
100 1 |a Šimoňáková, Mária,  |d 1978-  |4 aut  |9 115064 
245 1 0 |a Valentínka a Filipko prekročili magickú stovku  |b demografia na Spiši v malom  |c Mária Šimoňáková 
300 |b Fotogr. 
650 0 7 |a demografia  |2 snsk  |9 3827 
651 7 |a Pongrácovce (Slovensko)  |2 snsk  |9 59005 
651 7 |a Levoča (Slovensko : okres)  |2 snsk  |9 30131 
773 0 |t Spišský Korzár  |g Roč. X., č. 74 (29.3.2008), s. 2  |x 1335-7590 
852 |a SNSK  |b KIS3GCP 
999 |c 3340654  |d 3342584